A comprehensive guide to Malaysian taxation : (Record no. 51)
[ view plain ]
| 000 -LEADER | |
|---|---|
| fixed length control field | nam a22 a 4500 |
| 003 - CONTROL NUMBER IDENTIFIER | |
| control field | AKMAL |
| 005 - DATE AND TIME OF LATEST TRANSACTION | |
| control field | 20170413142307.0 |
| 008 - FIXED-LENGTH DATA ELEMENTS--GENERAL INFORMATION | |
| fixed length control field | 170413s2005 my a e | 001 0 eng d |
| 020 ## - INTERNATIONAL STANDARD BOOK NUMBER | |
| International Standard Book Number | 9832679990 (pbk) : |
| Terms of availability | RM116.90 |
| 040 ## - CATALOGING SOURCE | |
| Original cataloging agency | AKMAL |
| 082 04 - DEWEY DECIMAL CLASSIFICATION NUMBER | |
| Classification number | 336.2009595 |
| Edition number | 22 |
| 090 00 - LOCALLY ASSIGNED LC-TYPE CALL NUMBER (OCLC); LOCAL CALL NUMBER (RLIN) | |
| Classification number (OCLC) (R) ; Classification number, CALL (RLIN) (NR) | 336.2009595 |
| Local cutter number (OCLC) ; Book number/undivided call number, CALL (RLIN) | JEY |
| 100 0# - MAIN ENTRY--PERSONAL NAME | |
| Personal name | Jeyapalan Kasipillai |
| 9 (RLIN) | 181 |
| 245 12 - TITLE STATEMENT | |
| Title | A comprehensive guide to Malaysian taxation : |
| Remainder of title | under self assessment / |
| Statement of responsibility, etc. | Jeyapalan Kasipillai |
| 246 30 - VARYING FORM OF TITLE | |
| Title proper/short title | Malaysian taxation |
| 260 ## - PUBLICATION, DISTRIBUTION, ETC. | |
| Place of publication, distribution, etc. | Kuala Lumpur : |
| Name of publisher, distributor, etc. | McGraw-Hill, |
| Date of publication, distribution, etc. | 2005 |
| 300 ## - PHYSICAL DESCRIPTION | |
| Extent | xxv, 1021p. : |
| Other physical details | ill. ; |
| Dimensions | 24cm. + |
| Accompanying material | supplement a comprehensive guide to Malaysian taxation under self-assessment |
| 500 ## - GENERAL NOTE | |
| General note | Includes index |
| 500 ## - GENERAL NOTE | |
| General note | "Table of cases" : p. viii-xxv |
| 650 10 - SUBJECT ADDED ENTRY--TOPICAL TERM | |
| Topical term or geographic name entry element | Taxation |
| Geographic subdivision | Malaysia |
| 9 (RLIN) | 179 |
| 650 20 - SUBJECT ADDED ENTRY--TOPICAL TERM | |
| Topical term or geographic name entry element | Tax administration and procedure |
| Geographic subdivision | Malaysia |
| 9 (RLIN) | 182 |
| 650 20 - SUBJECT ADDED ENTRY--TOPICAL TERM | |
| Topical term or geographic name entry element | Tax planning |
| Geographic subdivision | Malaysia |
| 9 (RLIN) | 183 |
| 650 20 - SUBJECT ADDED ENTRY--TOPICAL TERM | |
| Topical term or geographic name entry element | Tax assessment |
| Geographic subdivision | Malaysia |
| 9 (RLIN) | 184 |
| 650 20 - SUBJECT ADDED ENTRY--TOPICAL TERM | |
| Topical term or geographic name entry element | Income tax |
| Geographic subdivision | Malaysia |
| 9 (RLIN) | 185 |
| 942 ## - ADDED ENTRY ELEMENTS (KOHA) | |
| Source of classification or shelving scheme | |
| Koha item type | Book |
| Withdrawn status | Lost status | Source of classification or shelving scheme | Damaged status | Not for loan | Collection code | Home library | Current library | Shelving location | Date acquired | Inventory number | Total Checkouts | Full call number | Barcode | Date last seen | Price effective from | Koha item type |
|---|---|---|---|---|---|---|---|---|---|---|---|---|---|---|---|---|
| NON-FICTION | AKMAL Melaka | AKMAL Melaka | PINJAMAN | 13.04.2017 | 304176 | 336.2009595 JEY | 201700092 | 13.04.2017 | 13.04.2017 | Book | ||||||
| NON-FICTION | AKMAL Melaka | AKMAL Melaka | PINJAMAN | 13.04.2017 | 304175 | 336.2009595 JEY | 201700090 | 13.04.2017 | 13.04.2017 | Book | ||||||
| NON-FICTION | AKMAL Melaka | AKMAL Melaka | PINJAMAN | 13.04.2017 | 304178 | 336.2009595 | 201700099 | 13.04.2017 | 13.04.2017 | Book | ||||||
| NON-FICTION | AKMAL Melaka | AKMAL Melaka | PINJAMAN | 13.04.2017 | 304179 | 336.2009595 JEY | 201700101 | 13.04.2017 | 13.04.2017 | Book | ||||||
| NON-FICTION | AKMAL Melaka | AKMAL Melaka | PINJAMAN | 13.04.2017 | 304177 | 336.2009595 JEY | 201700102 | 13.04.2017 | 13.04.2017 | Book | ||||||
| NON-FICTION | AKMAL Melaka | AKMAL Melaka | PINJAMAN | 13.04.2017 | 304159 | 336.2009595 JEY | 201705622 | 11.05.2017 | 13.04.2017 | Book |
